Determinantes del éxito de la PYMES en la República Dominicana /
Na minha lista:
| Autor principal: | |
|---|---|
| Formato: | Texto |
| Tags: |
Adicionar Tag
Sem tags, seja o primeiro a adicionar uma tag!
|
MARC
| LEADER | 00000 a a2200000 04500 | ||
|---|---|---|---|
| 001 | 46545 | ||
| 003 | |||
| 040 | |||
| 100 | |a Aristy Escuder, Jaime | ||
| 245 | |a Determinantes del éxito de la PYMES en la República Dominicana / |c Jaime Aristy Escuder | ||
| 773 | |g volumen37, número4 ( , 2012), páginas 497-528 : tablas, gráficos | ||
| 999 | |c 29649 |d 29649 | ||
